000 00404nam a2200121Ia 4500
008 220620s9999||||xx |||||||||||||| ||und||
100 _aLevente Hufnagel
245 0 _aEcosystem Services and Global Ecology
546 _aEnglish[eng]
650 _aLife Sciences||Ecosystem||Ecology||Environmental Sciences
856 _uhttps://www.intechopen.com/books/ecosystem-services-and-global-ecology
942 _cEB
999 _c30037
_d30037